| 000 | 00944 a2200169 4500 | ||
|---|---|---|---|
| 003 | Nust | ||
| 005 | 20230130133213.0 | ||
| 040 | _cNust | ||
| 082 | _a909.81,THE | ||
| 245 |
_aThe Secrets of Other Peoples Jobs / _cLong Acre |
||
| 250 | _aIndustial Revolution | ||
| 260 |
_aLondon _bOdhams Press |
||
| 300 | _a256:p | ||
| 505 | _aOur Ships and the Men Who Build Them (Page-4), Coal Mining and Miners To-Day (Page-24), Iron and Steel (Page-46), Workers in Iron and Steel (Page-66), Behind the Scenes in Our Aircraft (Page-80), How Tanks Are Made in Peace and War (Page-96), Glass Craftsmanship (Page-112), How The Potter Works (Page-128), Wool From Fleece to fabric (Page-142), The Story of Cotton (Page-156), The Romance of Rayon (Page-172), Power and Heat For Home and Factory (Page-184), Back to the Land (Page-202), Building Progress (Page-220), The Printed Word (Page-236). | ||
| 650 |
_aIndustrial revplution _9108065 |
||
| 942 |
_2ddc _cBK |
||
| 999 |
_c186240 _d186240 |
||